01964nam a2200385 i 4500001001000000003000900010005001700019007000300036008004100039020001800080040003000098082002800128100005100156245012000207250002200327264005300349300006200402336002700464337003300491338002800524500003400552590002600586651006600612651008900678651007400767651007600841651006000917651008900977651006201066910003701128942001401165952012301179952025901302999001701561000026588DO-SdBNP20250626140657.0ta100114s2009 dr abc 001 0 spa d a9789945452136 aDO-SdBNPbspacBNPHUerda 4a972.93bC957h, 20092221 aCruz Sánchez, Filiberto,913112eautor4aut.10aHistoria de la República Dominicana :b(desde Cristóbal Colón hasta el presente) /cFiliberto Cruz Sánchez. atercera edición 1aSanto Domingo :bEditora El Nuevo Diario,c2009. a378 páginas :bilustraciones, retratos, mapas ;c26 cm. atextobtxt2rdacontent asin mediaciónbn2rdamedia avolumenbnc2rdacarrier aIncluye índice onomástico aInventariado, 2024/BT 4aRepública DominicanaxHistoriaxEstudio y enseñanza99647 4aRepública Dominicana --xHistoria -- yDescubrimiento y conquista, 1492-1503 9255 4aRepública DominicanaxHistoriayOcupación Haitiana1822-184497666 0aRepública DominicanaxHistoriayAnexión a España,1861-1863932930 4aRepública Dominicana --xHistoria --y1844-193091009 4aRepública Dominicana --xHistoria --yOcupación norteamericana, 1916-1924 91926 4aRepública DominicanaxPolítica y gobiernoy1961-9204 aValidado. Control de calidad MFF 2ddccLBS1 00102ddc51708PDaBNPHUbBNPHUcHDd2011-03-23oBNPHU PD 972.93 C957h, 2009p26588-10r2020-06-25w2020-06-25yLBS1 00102ddc51708PDaBNPHUbBNPHUcHDd2024-04-22eDonado por la Presidencia de la República Dominicana 2023.l0oBNPHU PD 972.93 C957h, 2009p2024-2423r2024-04-22te.2w2024-04-22yLBS1zPerteneció a la biblioteca personal de Emilio Cordero Michel. c26080d26080